Geography Quiz

Random Geography or State Quiz

Cities of New England Quiz Stats

 Plays Quiz Updated Nov 14, 2018

Also try: Dominant Cities
Challenge
Share
Tweet
Embed
Score 0/60 Timer 08:00
0 Plays Today
State City % Correct
MassachusettsBoston
97%
ConnecticutHartford
87.5%
VermontHartford
87.5%
Rhode IslandProvidence
86.6%
MainePortland
72.4%
MaineAugusta
70.3%
ConnecticutNew Haven
67.6%
New HampshireConcord
66.8%
MassachusettsSpringfield
62.7%
MassachusettsWorcester
57.9%
VermontBurlington
56.2%
New HampshireManchester
54.9%
MaineBangor
48.9%
MassachusettsCambridge
48.9%
ConnecticutBridgeport
48.8%
ConnecticutStamford
40.7%
MassachusettsLowell
39.7%
New HampshireNashua
35.8%
New HampshireSalem
30%
Rhode IslandWarwick
28.7%
ConnecticutGreenwich
28.2%
ConnecticutWaterbury
27.3%
MassachusettsNew Bedford
26.6%
MassachusettsQuincy
26.6%
Rhode IslandPawtucket
26.5%
MassachusettsFall River
26.4%
ConnecticutDanbury
25.6%
MassachusettsLynn
21.1%
MaineLewiston
21%
Rhode IslandCranston
20.5%
State City % Correct
MassachusettsBrockton
18.7%
VermontRutland
18.4%
New HampshireDover
18.1%
Rhode IslandEast Providence
17.8%
ConnecticutMeriden
17.1%
ConnecticutNorwalk
15.6%
Rhode IslandWoonsocket
14.8%
VermontBrattleboro
14.2%
VermontBennington
14.1%
MaineSouth Portland
13.9%
ConnecticutNew Britain
13.7%
VermontEssex
13.4%
VermontSouth Burlington
12.8%
MaineAuburn
12.7%
New HampshireDerry
12.4%
Rhode IslandNorth Providence
11.9%
VermontBarre
11.7%
New HampshireRochester
10.6%
MaineBrunswick
10.4%
Rhode IslandWest Warwick
9.6%
New HampshireLondonderry
9.3%
MaineBiddeford
9%
VermontColchester
7%
Rhode IslandCumberland
6.9%
Rhode IslandCoventry
6.2%
New HampshireMerrimack
5.9%
MaineSanford
5.8%
MaineScarborough
5.7%
VermontMilton
4.9%
New HampshireHudson
4.6%

You're not logged in!

Compare scores with friends on all Sporcle quizzes.
OR
Log In

You Might Also Like...

Show Comments

Extras

Top Quizzes Today


Score Distribution

Your Account Isn't Verified!

In order to create a playlist on Sporcle, you need to verify the email address you used during registration. Go to your Sporcle Settings to finish the process.

Report this User

Report this user for behavior that violates our Community Guidelines.

Details: